[Event "NED-chT 2324"]
[Site "Netherlands"]
[Date "2024.02.03"]
[Round "6.10"]
[White "Kuling, Lody"]
[Black "Van Drunen, Kees"]
[Result "1/2-1/2"]
[WhiteElo "2217"]
[BlackElo "2094"]
[PlyCount "65"]
[EventDate "2023.09.16"]
[EventType "team-tourn"]
[EventRounds "9"]
[EventCountry "NED"]
[SourceTitle "EXT 2025"]
[Source "ChessBase"]
[SourceDate "2024.10.14"]
[SourceVersion "1"]
[SourceVersionDate "2024.10.14"]
[SourceQuality "1"]
[WhiteTeam "Amstelveen Zukertort"]
[BlackTeam "Charlois Europoort"]
[WhiteTeamCountry "NED"]
[BlackTeamCountry "NED"]

1. d4 d5 2. c4 c6 3. Nf3 Nf6 4. Nc3 dxc4 5. a4 Bf5 6. e3 e6 7. Bxc4 Bb4 8. 0-0 0-0 9. Qe2 Bg6 10. Ne5 Nbd7 11. Nxg6 hxg6 12. Rd1 Qa5 13. Na2 Bd6 14. Bd2 Qh5 15. Qxh5 gxh5 16. a5 e5 17. dxe5 Nxe5 18. Be2 Rfe8 19. Be1 Rad8 20. Nb4 c5 21. Nd5 Neg4 22. Nxf6+ Nxf6 23. Rac1 Be7 24. Bc3 Rxd1+ 25. Bxd1 b6 26. Bf3 Rd8 27. Kf1 g6 28. e4 Ng4 29. h3 Nh2+ 30. Ke2 Nxf3 31. Kxf3 b5 32. a6 Rd6 33. Ra1 1/2-1/2

[Event "BCF-chT3d 0001 (4NCL) Demotion pool"]
[Site "Birmingham"]
[Date "2001.03.18"]
[Round "8.1"]
[White "Van Drunen, Kees"]
[Black "Humphreys, Jerry"]
[Result "1-0"]
[WhiteElo "2230"]
[BlackElo "2121"]
[PlyCount "59"]
[EventDate "2000.11.26"]
[EventType "team-tourn"]
[EventRounds "4"]
[EventCountry "ENG"]
[SourceTitle "EXT 2002"]
[Source "ChessBase"]
[SourceDate "2001.11.25"]
[SourceVersion "1"]
[SourceVersionDate "2001.11.25"]
[SourceQuality "1"]
[WhiteTeam "Warwicks Select"]
[BlackTeam "Bristol III"]
[WhiteTeamCountry "ENG"]
[BlackTeamCountry "ENG"]

1. e4 c5 2. Nf3 e6 3. d4 cxd4 4. Nxd4 Nf6 5. Nc3 d6 6. Be2 Be7 7. 0-0 a6 8. a4 Nc6 9. Be3 Qc7 10. f4 0-0 11. Kh1 Bd7 12. Qe1 Nxd4 13. Bxd4 Bc6 14. Qg3 g6 15. Bd3 b6 16. e5 Nd7 17. Rae1 Qb7 18. exd6 Bxd6 19. Ne4 Be7 20. f5 exf5 21. Rxf5 Rae8 22. Rff1 f6 23. Qh3 Bb4 24. Nxf6+ Nxf6 25. Rxe8 Nxe8 26. Qe6+ Rf7 27. Rxf7 Bxg2+ 28. Kg1 Qxf7 29. Qxf7+ Kxf7 30. Kxg2 1-0